Catalog

Record Details

Catalog Search



Ideas & Issues, Teacher's guide upper-intermediate Cover Image Book Book

Ideas & Issues, Teacher's guide upper-intermediate

Wilson, Ken (Author).

Record details

  • ISBN: 3-12-508451-2
  • ISBN: brož.
  • Physical Description: 46 s. 26 cm
  • Edition: 1. vyd.
  • Publisher: Stuttgart Ernst Klett Sprachen 2003

Available copies

  • 1 of 1 copy available at Common Catalog SPOK.

Holds

  • 0 current holds with 1 total copy.
Show Only Available Copies
Location Call Number / Copy Notes Barcode Shelving Location Status Due Date
Department of Languages AC 424480021238 Příruční knihovna (KJZ) - ptejte se knihovníka Available -

LDR 00524ntm a22 a 4500
0014301
003CZ-PrJAB
00520080219000000.0
008080211s2003 gw e |||| |eng
009de
020 . ‡a3-12-508451-2 ‡abrož.
035 . ‡a(CONS)4301
035 . ‡aKPS0017478
040 . ‡a
0410 . ‡aeng
10011. ‡713801 ‡aWilson, Ken
2451 . ‡aIdeas & Issues, Teacher's guide upper-intermediate
250 . ‡a1. vyd.
260 . ‡aStuttgart ‡bErnst Klett Sprachen ‡c2003
300 . ‡a46 s. ‡c26 cm
653 . ‡aučebnice angličtiny
694 . ‡aKJ
999 . ‡a ‡c21337 ‡i424480021238 ‡l ‡tD
910 . ‡aABG312
901 . ‡a4301 ‡bUnknown ‡c4301 ‡tbiblio

Additional Resources